Immigration Türkei - Statistiken

Allgemein
  • Dieses Quiz wurde 511 mal gespielt
  • Das Durchschnittsergebnis liegt bei 16 aus 25
Antwortstatistiken
Platz Land Anzahl % Korrekt
2. Deutschland 263.318
92%
4. Syrien 76.413
90%
3. Irak 97.528
88%
8. Iran 36.226
87%
15. Griechenland 26.928
82%
1. Bulgarien 378.658
80%
14. Frankreich 28.507
78%
11. Russland 34.486
77%
5. Aserbaidschan 52.836
73%
19. Vereinigte Staaten 24.026
71%
12. Niederlande 32.345
64%
23. Österreich 18.609
63%
7. Afghanistan 38.692
62%
21. Ukraine 20.547
59%
17. Georgien 25.019
58%
13. Vereinigtes Königreich 32.140
57%
16. Belgien 26.531
55%
22. Zypern 20.402
54%
18. Turkmenistan 24.937
50%
20. Kasachstan 21.546
48%
9. Usbekistan 36.083
46%
24. Kirgisistan 17.235
40%
6. Nordmazedonien 43.400
36%
25. Libyen 16.442
29%
10. Algerien 35.789
28%
Keine übereinstimmenden Quizze gefunden
Verteilung der Resultate
Anzahl Personen mit jedem Resultat
Perzentil nach korrekt beantworteten Fragen
Ihre Resultats-Entwicklung
Sie haben dieses Quiz noch nicht gespielt